zpět

Detail výsledku týmu

MusiClub Drago, Nový Jičín

Datum a čas kvízu

31.5 Celkem bodů Celkový počet nahraných bodů na tomto kvízu bez doplňovacích otázek.
6. Pořadí na kvízu Konečné umístění týmu na tomto kvízu.

Zaznamenané odpovědi

# Otázka Odpověď Body Výsledky
1. Jak se jmenuje muž, který byl... 1
2. Americká Federální komise pro... 1
3. V nové české komedii s Jiřím L... 1
4. Společnost Coca-Cola je první... 1
5. Cristiano Ronaldo dostal svou... 1
5. Díváme se na legendární užitko... 0.5
5. O Ferdinandovi Porsche, zaklad... 1
5. Kim Čong-Il, Adolf Hitler, Idi... 1
5. Určitě si vybavíte, jak vypadá... 0
5. Opel je součástí skupiny Group... 0